000 00535nam a22001937a 4500
003 OSt
005 20160509135701.0
008 160509b xxu||||| |||| 00| 0 eng d
020 _a0340531894
040 _cDDC.
082 _a574D642 1990.
100 _aEdited by Pond,M.caroline.
_98566
245 _aDiversity of Organisms.
_bForms and Functions.
260 _aUK.
_bHodder &Stoughton. Open University Press.
_c1999.
300 _a204p;
_bill;
_c24cm.
504 _aincludes index.
650 _aBiology.
_95602
942 _2ddc
_cSLOAN
999 _c3907
_d3907